000 00961nam a2200265 i 4500
003 DO-SdBNP
005 20260302100709.0
007 ta
008 110413s2001 dr 000 0 spa d
040 _aDO-SdBNP
_bspa
_cBNPHU
_erda
082 _axxx
_bA473r
_222
110 _aRepública Dominicana
_bSecretaria de Estado de Finanzas
_932264
245 1 0 _aSe rompen los paradigmas económicos en Estados Unidos :
_bentrevista a Fernando Álvarez Bogaert /
_cedición José Enrique García
264 1 _aSanto Domingo :
_bCentenario,
_c2001.
300 _a19 páginas
_c21 cm.
336 _2rdacontent
_atexto
_btxt
337 _2rdamedia
_asin mediación
_bn
338 _2rdacarrier
_avolumen
_bnc
500 _aIncluye datos biográficos en la ultima pagina.
590 _aInventariado, 2023/ YL
700 1 _aÁlvarez Bogaert, Fernando,
_d1941-
_96927
700 1 _aGarcía, José Enrique,
_d1948-
_eEdición
_922487
910 _aYLockward
942 _2ddc
_cLF2
999 _c54319
_d54319